Diversity and structure of bacterial communities in Arctic versus Antarctic pack ice /
Salvato in:
| Altri autori: | , , , , , |
|---|---|
| Natura: | Articolo |
| Lingua: | English |
| Soggetti: | |
| Tags: |
Aggiungi Tag
Nessun Tag, puoi essere il primo ad aggiungerne! !
|
| Thư viện lưu trữ: | Thư viện Trường Đại học Đà Lạt |
|---|
| LEADER | 00985nam a2200325 4500 | ||
|---|---|---|---|
| 001 | DLU090092915 | ||
| 005 | ##20091201 | ||
| 040 | # | # | |a DLU |b eng |
| 041 | # | # | |a eng |
| 044 | # | # | |a us |
| 245 | # | # | |a Diversity and structure of bacterial communities in Arctic versus Antarctic pack ice / |c Robin Brinkmeyer ... [et al.]. |
| 653 | # | # | |a Bacteria |
| 653 | # | # | |a Biodiversity |
| 653 | # | # | |a Microbial community |
| 700 | # | # | |a Amann, Rudolf. |
| 700 | # | # | |a Brinkmeyer, Robin. |
| 700 | # | # | |a Helmke, Elisabeth. |
| 700 | # | # | |a Jorgens, Jutta. |
| 700 | # | # | |a Knittel, Katrin. |
| 700 | # | # | |a Weyland, Horst. |
| 773 | # | # | |t Applied and Environmental Microbiology |g Vol. 69, no. 11 (November 2003), p. 6610-6619 |
| 920 | # | # | |a Phòng Tạp chí -- Trung tâm Thông tin - Thư viện Trường Đại học Đà Lạt |
| 994 | # | # | |a DLU |
| 900 | # | # | |a True |
| 911 | # | # | |a Trương Bảo Trâm Anh |
| 925 | # | # | |a G |
| 926 | # | # | |a A |
| 927 | # | # | |a BB |
| 980 | # | # | |a Thư viện Trường Đại học Đà Lạt |